00663nam a2200169 i 450000100060000000300090000600500170001500700030003200800410003510000490007624501320012526000330025730000340029085200310032499900170035595201210037293883ES-MaACL20231207063020.0t|050421s1949 sp ||||1| spa d1 aLópez Ibor, Juan José,d1906-199197370314aLos problemas de las enfermedades mentales b: corrientes actuales del pensamiento psiquiátrico / cJuan José López Ibor. aBarcelona : bLabor, c1949. aXV, 349 p. : bil. ; c24 cm. aES-MaACLjD-6672 bR.30606 c93883d93883 00104070aATENEOMbATENEOMcSVId2008-01-17eSCl0oD-6672p901098048r2023-02-23 00:00:00w2023-02-23yMONOGRAFIA